Plánovanie a analýza pracovných indexov

Salvato in:
Dettagli Bibliografici
Natura: Libro
Lingua:slovacco
Pubblicazione: Bratislava Práca 1949
Tags: Aggiungi Tag
Nessun Tag, puoi essere il primo ad aggiungerne!!

MARC

LEADER 00000nam a2200000 4500
001 0312087
005 20250905112259.5
041 0 |a slo 
044 |a SK 
245 1 0 |a Plánovanie a analýza pracovných indexov  |c I. L. Kukulevič 
264 1 |a Bratislava  |b Práca  |c 1949